[Event "SLO-ch U10 Girls"]
[Site "Murska Sobota"]
[Date "2007.03.01"]
[Round "8"]
[White "Krasna, Meta"]
[Black "Bacic, Masa"]
[Result "0-1"]
[WhiteElo "1500"]
[BlackElo "1500"]
[PlyCount "52"]
[EventDate "2007.02.25"]
[EventType "swiss"]
[EventRounds "9"]
[EventCountry "SLO"]
[SourceTitle "CBM 117 Extra"]
[Source "ChessBase"]
[SourceDate "2007.05.09"]
[SourceVersion "1"]
[SourceVersionDate "2007.05.09"]
[SourceQuality "1"]

1. e4 d5 2. exd5 Qxd5 3. Nc3 Qe5+ 4. Be2 Nf6 5. Nf3 Qd6 6. 0-0 e5 7. Nb5 Qb6 8. d3 Qxb5 9. d4 Qb6 10. dxe5 Ne4 11. Qe1 Bb4 12. c3 Ba5 13. b4 0-0 14. bxa5 Qxa5 15. Bb2 Rd8 16. Rd1 Nc6 17. Rxd8+ Nxd8 18. Qd1 Be6 19. Qc1 Qxa2 20. Rd1 Nc6 21. Nd4 Na5 22. Nxe6 fxe6 23. f3 Nb3 24. Qc2 Nbc5 25. fxe4 Qa4 26. Rf1 Qxc2 0-1